<?xml version="1.0" encoding="UTF-8"?>
<record
    xmlns:xsi="http://www.w3.org/2001/XMLSchema-instance"
    xsi:schemaLocation="http://www.loc.gov/MARC21/slim http://www.loc.gov/standards/marcxml/schema/MARC21slim.xsd"
    xmlns="http://www.loc.gov/MARC21/slim">

  <leader>01929cam a22002773a 4500</leader>
  <controlfield tag="001">17672</controlfield>
  <controlfield tag="003">PGUSA</controlfield>
  <controlfield tag="005">20140828083357.0</controlfield>
  <controlfield tag="008">060203s2006||||xxu|||||s|||||000 | eng d</controlfield>
  <datafield tag="040" ind1=" " ind2=" ">
    <subfield code="a">PGUSA</subfield>
    <subfield code="b">eng</subfield>
  </datafield>
  <datafield tag="042" ind1=" " ind2=" ">
    <subfield code="a">dc</subfield>
  </datafield>
  <datafield tag="050" ind1=" " ind2="4">
    <subfield code="a">QK</subfield>
  </datafield>
  <datafield tag="100" ind1="1" ind2=" ">
    <subfield code="a">Curtis, William,</subfield>
    <subfield code="d">1746-1799</subfield>
  </datafield>
  <datafield tag="245" ind1="1" ind2="4">
    <subfield code="a">The Botanical Magazine, Vol. 3 :</subfield>
    <subfield code="b">Or, Flower-Garden Displayed</subfield>
    <subfield code="h">[electronic resource] /</subfield>
    <subfield code="c">William Curtis</subfield>
  </datafield>
  <datafield tag="260" ind1=" " ind2=" ">
    <subfield code="b">Project Gutenberg,</subfield>
    <subfield code="c">2006</subfield>
  </datafield>
  <datafield tag="505" ind1="0" ind2=" ">
    <subfield code="a">[73]&#x2014;Monsonia speciosa. -- [74]&#x2014;Antirrhinum triste. -- [75]&#x2014;Potentilla grandiflora. -- [76]&#x2014;Epilobium angustissimum. -- [77]&#x2014;Centaurea montana. -- [78]&#x2014;Narcissus odorus. -- [79]&#x2014;Lotus Jacob&#xE6;us. -- [80]&#x2014;Spigelia Marilandica. -- [81]&#x2014;Colutea Arborescens. -- [82]&#x2014;Lachenalia Tricolor. -- [83]&#x2014;Hibiscus Syriacus. -- [84]&#x2014;Tussilago Alpina. -- [85]&#x2014;Spartium Jungeum. -- [86]&#x2014;Gladiolus Communis. -- [87]&#x2014;Hyoscyamus Aureus. -- [88]&#x2014;Narcissus Bulbocodium. -- [89]&#x2014;Viola Pedata. -- [90]&#x2014;Gorteria Rigens. -- [91]&#x2014;Iris Susiana. -- [92]&#x2014;Saxifraga Sarmentosa. -- [93]&#x2014;Sempervivum Monanthes. -- [94]&#x2014;Sisyrinchium Irioides. -- [95]&#x2014;Geranium Radula. -- [96]&#x2014;Lantana Aculeata. -- [97]&#x2014;Fuchsia Coccinea. -- [98]&#x2014;Trop&#xE6;olum Minus. -- [99]&#x2014;Antirrhinum Purpureum. -- [100]&#x2014;Lathyrus Tingitanus. -- [101]&#x2014;Alyssum Halimifolium. -- [102]&#x2014;Campanula Speculum. -- [103]&#x2014;Pelargonium Acetosum. -- [104]&#x2014;Lysimachia Bulbifera. -- [105]&#x2014;Tradescantia Virginica. -- [106]&#x2014;Iberis Umbellata. -- [107]&#x2014;Cassia Cham&#xE6;crista. -- [108]&#x2014;Anthyllis Tetraphylla.</subfield>
  </datafield>
  <datafield tag="506" ind1=" " ind2=" ">
    <subfield code="a">Public domain in the USA.</subfield>
  </datafield>
  <datafield tag="516" ind1=" " ind2=" ">
    <subfield code="a">Electronic text</subfield>
  </datafield>
  <datafield tag="653" ind1=" " ind2=" ">
    <subfield code="a">Botanical illustration -- Periodicals</subfield>
  </datafield>
  <datafield tag="653" ind1=" " ind2=" ">
    <subfield code="a">Plants -- Periodicals</subfield>
  </datafield>
  <datafield tag="653" ind1=" " ind2=" ">
    <subfield code="a">Plants, Cultivated -- Periodicals</subfield>
  </datafield>
  <datafield tag="653" ind1=" " ind2=" ">
    <subfield code="a">Plants, Ornamental -- Periodicals</subfield>
  </datafield>
  <datafield tag="830" ind1=" " ind2="0">
    <subfield code="a">Project Gutenberg</subfield>
    <subfield code="v">17672</subfield>
  </datafield>
  <datafield tag="856" ind1="4" ind2="0">
    <subfield code="u">http://www.gutenberg.org/ebooks/17672</subfield>
  </datafield>
  <datafield tag="942" ind1=" " ind2=" ">
    <subfield code="c">EB</subfield>
  </datafield>
  <datafield tag="999" ind1=" " ind2=" ">
    <subfield code="c">246927</subfield>
    <subfield code="d">246927</subfield>
  </datafield>
  <datafield tag="952" ind1=" " ind2=" ">
    <subfield code="0">0</subfield>
    <subfield code="1">0</subfield>
    <subfield code="4">0</subfield>
    <subfield code="a">GTB</subfield>
    <subfield code="b">GTB</subfield>
    <subfield code="d">2014-08-28</subfield>
    <subfield code="l">0</subfield>
    <subfield code="r">2014-08-28 00:00:00</subfield>
    <subfield code="w">2014-08-28</subfield>
    <subfield code="y">EB</subfield>
  </datafield>
</record>
